| 000 -LEADER |
| fixed length control field |
01584 a2200325 4500 |
| 003 - CONTROL NUMBER IDENTIFIER |
| control field |
NUST |
| 005 - DATE AND TIME OF LATEST TRANSACTION |
| control field |
20230102131035.0 |
| 010 ## - LIBRARY OF CONGRESS CONTROL NUMBER |
| LC control number |
2005432617 |
| 020 ## - INTERNATIONAL STANDARD BOOK NUMBER |
| International Standard Book Number |
1840189614 |
| 035 ## - SYSTEM CONTROL NUMBER |
| System control number |
(OCoLC)ocm57638276 |
| 040 ## - CATALOGING SOURCE |
| Transcribing agency |
Nust |
| 082 04 - DEWEY DECIMAL CLASSIFICATION NUMBER |
| Classification number |
365.45,HOL |
| 100 1# - MAIN ENTRY--PERSONAL NAME |
| Personal name |
Hollingsworth, Mark |
| 9 (RLIN) |
106617 |
| 245 10 - TITLE STATEMENT |
| Title |
Saudi Babylon : |
| Remainder of title |
torture, corruption and cover-up inside the House of Saud / |
| Statement of responsibility, etc. |
Mark Hollingsworth with Sandy Mitchell. |
| 260 ## - PUBLICATION, DISTRIBUTION, ETC. |
| Place of publication, distribution, etc. |
Edinburgh : |
| Name of publisher, distributor, etc. |
Mainstream, |
| Date of publication, distribution, etc. |
2005. |
| 300 ## - PHYSICAL DESCRIPTION |
| Extent |
240 p., [8] p. of plates : |
| Other physical details |
ill. (some col.) ; |
| Dimensions |
24 cm. |
| 505 ## - FORMATTED CONTENTS NOTE |
| Formatted contents note |
The Saudi Inquisition (Page-11), Caught in Al Qaeda’s Wave of Terror (Page-34), A Sector Death Sentence (Page-54), Sleeping with the Enemy (Page-115), The Deal (Page-137), Released by Al Qaeda (Page-170), A Hostage to Saudi Oil (Page-196). |
| 600 10 - SUBJECT ADDED ENTRY--PERSONAL NAME |
| Personal name |
Mitchell, Sandy |
| General subdivision |
Imprisonment. |
| 9 (RLIN) |
106618 |
| 610 20 - SUBJECT ADDED ENTRY--CORPORATE NAME |
| Corporate name or jurisdiction name as entry element |
Labour Party (Great Britain) |
| 9 (RLIN) |
12085 |
| 650 #0 - SUBJECT ADDED ENTRY--TOPICAL TERM |
| Topical term or geographic name entry element |
False imprisonment |
| Geographic subdivision |
Saudi Arabia. |
| 9 (RLIN) |
106619 |
| 650 #0 - SUBJECT ADDED ENTRY--TOPICAL TERM |
| Topical term or geographic name entry element |
Political prisoners |
| Geographic subdivision |
Saudi Arabia. |
| 9 (RLIN) |
106620 |
| 650 #0 - SUBJECT ADDED ENTRY--TOPICAL TERM |
| Topical term or geographic name entry element |
Politicians |
| Geographic subdivision |
Great Britain |
| General subdivision |
Attitudes. |
| 9 (RLIN) |
106621 |
| 650 #0 - SUBJECT ADDED ENTRY--TOPICAL TERM |
| Topical term or geographic name entry element |
Torture |
| Geographic subdivision |
Saudi Arabia. |
| 9 (RLIN) |
106622 |
| 651 #0 - SUBJECT ADDED ENTRY--GEOGRAPHIC NAME |
| Geographic name |
Great Britain |
| General subdivision |
Foreign relations |
| Geographic subdivision |
Saudi Arabia. |
| 9 (RLIN) |
12841 |
| 651 #0 - SUBJECT ADDED ENTRY--GEOGRAPHIC NAME |
| Geographic name |
Saudi Arabia |
| General subdivision |
Foreign relations |
| Geographic subdivision |
Great Britain. |
| 9 (RLIN) |
12840 |
| 700 1# - ADDED ENTRY--PERSONAL NAME |
| Personal name |
Hollingsworth, Mark, |
| Dates associated with a name |
1959- |
| 9 (RLIN) |
106623 |
| 856 42 - ELECTRONIC LOCATION AND ACCESS |
| Materials specified |
Contributor biographical information |
| Uniform Resource Identifier |
<a href="http://www.loc.gov/catdir/enhancements/fy0661/2005432617-b.html">http://www.loc.gov/catdir/enhancements/fy0661/2005432617-b.html</a> |
| 856 42 - ELECTRONIC LOCATION AND ACCESS |
| Materials specified |
Publisher description |
| Uniform Resource Identifier |
<a href="http://www.loc.gov/catdir/enhancements/fy0661/2005432617-d.html">http://www.loc.gov/catdir/enhancements/fy0661/2005432617-d.html</a> |
| 942 ## - ADDED ENTRY ELEMENTS (KOHA) |
| Source of classification or shelving scheme |
|
| Koha item type |
Book |
| Call number prefix |
365.45,HOL |